Paroles: Je pense à toi - Hoshi - Statistiques

Statistiques générales
  • Ce quiz a été pris 35 fois
  • Le résultat moyen est 178 sur 227
Statistiques - réponses
Réponse % Correct
à
100%
a
100%
à...
100%
c'
100%
J'
100%
j'
100%
Je
100%
je
100%
pense
100%
t'
100%
toi
100%
tu
100%
Tu
100%
ai
96%
d'
96%
L'
96%
le
96%
s'
96%
ces
92%
de
92%
moi
92%
suis
92%
est
88%
les
88%
qu'
88%
aime
85%
cœur
85%
Et
85%
la
85%
me
85%
un
85%
Un
85%
y'
85%
Y'
85%
dans
81%
mon
81%
pour
81%
Que
81%
que
81%
Qui
81%
qui
81%
mes
77%
moins
77%
ne
77%
pas
77%
plus
77%
sans
77%
ton
77%
tous
77%
Tous
77%
crois
73%
Des
73%
Ils
73%
Mais
73%
te
73%
amour
69%
comme
69%
forte
69%
penses
69%
tes
69%
du
65%
être
65%
nom
65%
oublie
65%
petit
65%
résonne
65%
reviennes
65%
souvenirs
65%
Fais
62%
Fais-
62%
fenêtres
62%
fermer
62%
froid
62%
insistent
62%
même
62%
pardonnent
62%
personne
62%
potes
62%
toujours
62%
traîne
62%
voix
62%
déteste
58%
faire
58%
On
58%
sous
58%
allumettes
54%
Barcelone
54%
besoin
54%
cigarettes
54%
doigts
54%
habille
54%
peut-être
54%
Rallume-
54%
rappelle
54%
rouler
54%
veux
54%
fête
50%
manège
50%
photos
50%
pourquoi
50%
Si
50%
tour
50%
trop
50%
album
46%
brève
46%
conne
46%
est-ce
46%
sens
46%
Putain
42%
voulait
38%
lâcher
35%
lest
35%
deuxième
27%
gestes
27%
chacun
23%
revois
19%
Aucun quiz correspondant
Distribution des résultats
% des personnes avec chaque résultat
Percentile par nombre de réponses
Votre historique - résultats
Vous n’avez pas pris ce quiz